All Harry Styles Songs 2022 - Statistics

General Stats
  • This quiz has been taken 110 times
  • The average score is 31 of 35
Answer Stats
% Correct
As It Was
98%
Fine Line
98%
Watermelon Sugar
98%
Sign of the Times
97%
Golden
95%
Kiwi
93%
Adore You
92%
Falling
92%
Music For a Sushi Restaurant
92%
From the Dining Table
90%
Matilda
90%
Meet Me in the Hallway
90%
Satellite
90%
Late Night Talking
88%
Lights Up
88%
Two Ghosts
88%
Boyfriends
87%
Carolina
87%
Little Freak
87%
She
87%
Cherry
85%
Sunflower, Vol. 6
85%
Canyon Moon
83%
Daylight
83%
Grapejuice
83%
Love Of My Life
83%
Only Angel
83%
Treat People With Kindness
83%
Woman
83%
Keep Driving
82%
Sweet Creature
82%
Cinema
80%
Daydreaming
80%
Ever Since New York
80%
To Be So Lonely
73%
No matching quizzes found
Score Distribution
Percent of People with Each Score
Percentile by Number Answered
Your Score History
You have not taken this quiz